000 00355 a2200145 4500
001 177631
020 _a
040 _cMagnum
100 _aPillar, Analice Dutra e Outros
240 1 0 _aA educacao do olhar no ensino das artes
_lpor
245 1 0 _aA educacao do olhar no ensino das artes
362 0 _a1899
697 _aMAGNITO: DIDATICO
942 _cBK
999 _c177631
_d177631